[Event "Moscow op-B"]
[Site "Moscow"]
[Date "2009.02.06"]
[Round "7"]
[White "Musaev, Mansur"]
[Black "Sargissyan, Sargis"]
[Result "1/2-1/2"]
[WhiteElo "2266"]
[BlackElo "2119"]
[PlyCount "86"]
[EventDate "2009.01.31"]
[EventType "swiss"]
[EventRounds "9"]
[EventCountry "RUS"]
[SourceTitle "EXT 2012"]
[Source "ChessBase"]
[SourceDate "2011.11.24"]
[SourceVersion "1"]
[SourceVersionDate "2011.11.24"]
[SourceQuality "1"]

1. e4 e5 2. Nf3 Nc6 3. Bb5 a6 4. Ba4 Nf6 5. 0-0 Be7 6. Re1 b5 7. Bb3 d6 8. c3 0-0 9. h3 Na5 10. Bc2 d5 11. exd5 e4 12. Bxe4 Nxe4 13. Rxe4 Bb7 14. d4 Bf6 15. Nbd2 Qxd5 16. Qe1 Nc4 17. Re2 Nd6 18. Nf1 Nf5 19. Bf4 c5 20. dxc5 Qxc5 21. N1d2 b4 22. Ne4 Bxe4 23. cxb4 Qd5 24. Rxe4 Bxb2 25. Rb1 Qxa2 26. g4 Bc3 27. Qf1 Nh6 28. Bxh6 gxh6 29. Nh4 Rfe8 30. Qd3 Red8 31. Qf1 Re8 32. Rxe8+ Rxe8 33. Nf5 Qe6 34. f3 Be5 35. Qc1 Bb8 36. Nxh6+ Kf8 37. Nf5 Qe5 38. Qd2 Kg8 39. Rd1 Bc7 40. Qc2 Qf4 41. Rf1 Bb8 42. Rd1 Qxf3 43. Nh6+ Kg7 1/2-1/2

[Event "Moscow Pripis Memorial"]
[Site "Moscow"]
[Date "2008.11.??"]
[Round "9"]
[White "Musaev, Mansur"]
[Black "Kostic, Filip"]
[Result "1/2-1/2"]
[WhiteElo "2269"]
[BlackElo "2298"]
[PlyCount "26"]
[EventDate "2008.11.??"]
[EventType "tourn"]
[EventRounds "11"]
[EventCountry "RUS"]
[EventCategory "3"]
[SourceTitle "EXT 2010"]
[Source "ChessBase"]
[SourceDate "2010.11.25"]
[SourceVersion "1"]
[SourceVersionDate "2010.11.25"]
[SourceQuality "1"]

1. e4 e5 2. Nf3 Nf6 3. Nc3 Nc6 4. d4 exd4 5. Nxd4 Bb4 6. Nxc6 bxc6 7. Bd3 0-0 8. 0-0 d5 9. exd5 cxd5 10. Bg5 c6 11. Qf3 h6 12. Bxf6 Qxf6 13. Qxf6 gxf6 1/2-1/2

[Event "Voronezh op-A"]
[Site "Voronezh"]
[Date "2008.06.15"]
[Round "4"]
[White "Gubajdullin, Alexey"]
[Black "Musaev, Mansur"]
[Result "0-1"]
[WhiteElo "2456"]
[BlackElo "2273"]
[PlyCount "92"]
[EventDate "2008.06.12"]
[EventType "swiss"]
[EventRounds "9"]
[EventCountry "RUS"]
[SourceTitle "CBM 125 Extra"]
[Source "ChessBase"]
[SourceDate "2008.09.01"]
[SourceVersion "1"]
[SourceVersionDate "2008.09.01"]
[SourceQuality "1"]

1. e4 c5 2. Nc3 d6 3. f4 Nc6 4. Nf3 g6 5. Bc4 Bg7 6. 0-0 e6 7. Qe1 Nge7 8. Qh4 Nd4 9. Nxd4 Bxd4+ 10. Kh1 0-0 11. d3 Nc6 12. Qg3 f5 13. exf5 Rxf5 14. Ne2 Bg7 15. c3 Rb8 16. Be3 b5 17. Bb3 Kh8 18. d4 c4 19. Bc2 Rf7 20. f5 exf5 21. Bf4 Rd7 22. h4 Bf6 23. Bg5 Bxg5 24. hxg5 Ne7 25. Nf4 Bb7 26. Qh4 Qg8 27. Rae1 Bd5 28. Re3 Bf7 29. d5 Bxd5 30. Rfe1 Be4 31. Bxe4 fxe4 32. Rxe4 Nf5 33. Qh2 Qf7 34. g4 Ng7 35. Rf1 Kg8 36. Ree1 Re7 37. Rd1 Re5 38. Qg2 Qe7 39. Nd5 Qxg5 40. Nf6+ Kh8 41. Nd7 Qh4+ 42. Kg1 Rg5 43. Nxb8 Ne6 44. Qh2 Qxg4+ 45. Kf2 Rf5+ 46. Ke3 Qg5+ 0-1

[Event "Voronezh op-A"]
[Site "Voronezh"]
[Date "2008.06.14"]
[Round "3"]
[White "Musaev, Mansur"]
[Black "Stetsko, Lanita"]
[Result "1-0"]
[WhiteElo "2273"]
[BlackElo "1994"]
[PlyCount "57"]
[EventDate "2008.06.12"]
[EventType "swiss"]
[EventRounds "9"]
[EventCountry "RUS"]
[SourceTitle "CBM 125 Extra"]
[Source "ChessBase"]
[SourceDate "2008.09.01"]
[SourceVersion "1"]
[SourceVersionDate "2008.09.01"]
[SourceQuality "1"]

1. e4 c5 2. Nf3 Nc6 3. d4 cxd4 4. Nxd4 g6 5. Nc3 Bg7 6. Be3 Nf6 7. Bc4 0-0 8. Bb3 Na5 9. e5 Nxb3 10. exf6 Nxa1 11. fxg7 Re8 12. Qxa1 e5 13. Nb3 d5 14. Bd2 Bf5 15. Qd1 Rc8 16. g4 Be6 17. 0-0 Qh4 18. f3 f5 19. Be1 Qd8 20. f4 fxg4 21. fxe5 Kxg7 22. Nd4 Qb6 23. Bf2 Qxb2 24. Nxe6+ Rxe6 25. Qxd5 Rce8 26. Ne4 Qxc2 27. Ng5 Qc6 28. Nxe6+ Rxe6 29. Qd4 1-0

[Event "Voronezh op-A"]
[Site "Voronezh"]
[Date "2008.06.13"]
[Round "2"]
[White "Gabrielian, Artur"]
[Black "Musaev, Mansur"]
[Result "1-0"]
[WhiteElo "2494"]
[BlackElo "2273"]
[PlyCount "71"]
[EventDate "2008.06.12"]
[EventType "swiss"]
[EventRounds "9"]
[EventCountry "RUS"]
[SourceTitle "CBM 125 Extra"]
[Source "ChessBase"]
[SourceDate "2008.09.01"]
[SourceVersion "1"]
[SourceVersionDate "2008.09.01"]
[SourceQuality "1"]

1. e4 c5 2. Nf3 d6 3. d4 cxd4 4. Nxd4 Nf6 5. Nc3 a6 6. Bg5 e6 7. f4 Qc7 8. Qf3 b5 9. f5 b4 10. Ncb5 axb5 11. Bxb5+ Bd7 12. fxe6 Bxb5 13. Nxb5 Qb7 14. exf7+ Kxf7 15. Bxf6 gxf6 16. 0-0 Nd7 17. Qh5+ Ke7 18. Rad1 Ra6 19. Rd5 Qc8 20. Rfd1 Kd8 21. Qf7 Qxc2 22. R5d2 Qxe4 23. Nd4 Bh6 24. Re2 Be3+ 25. Kh1 Re8 26. Nc2 Qf4 27. Rde1 Ne5 28. Qb7 Ra7 29. Qb8+ Ke7 30. Nxe3 Rxb8 31. Nd5+ Kf7 32. Nxf4 Rxa2 33. h3 Rb7 34. Rf1 Rba7 35. Kh2 Ra1 36. Rff2 1-0

[Event "Moscow op-A 04th"]
[Site "Moscow"]
[Date "2008.02.08"]
[Round "7"]
[White "Musaev, Mansur"]
[Black "Vakhlamov, Igor L"]
[Result "1/2-1/2"]
[WhiteElo "2303"]
[BlackElo "2068"]
[PlyCount "57"]
[EventDate "2008.02.02"]
[EventType "swiss"]
[EventRounds "9"]
[EventCountry "RUS"]
[SourceTitle "CBM 122 Extra"]
[Source "ChessBase"]
[SourceDate "2008.03.04"]
[SourceVersion "1"]
[SourceVersionDate "2008.03.04"]
[SourceQuality "1"]

1. e4 c5 2. Nf3 Nc6 3. d4 cxd4 4. Nxd4 g6 5. Nc3 Bg7 6. Be3 Nf6 7. Bc4 0-0 8. 0-0 Nxe4 9. Nxe4 d5 10. Nxc6 bxc6 11. Bd3 dxe4 12. Bxe4 Qc7 13. c3 Ba6 14. Re1 Rfd8 15. Qc1 Rab8 16. Bc5 e5 17. b4 f5 18. Bc2 Bc4 19. f3 Qf7 20. Qe3 a6 21. a4 Bb3 22. Bd3 e4 23. Bxa6 f4 24. Qc1 e3 25. Bd4 Bxd4 26. cxd4 Rxd4 27. Qxc6 Rbxb4 28. Be2 Bc4 29. g3 1/2-1/2

[Event "Moscow op-A 04th"]
[Site "Moscow"]
[Date "2008.02.04"]
[Round "3"]
[White "Musaev, Mansur"]
[Black "Markevich, Arseniy"]
[Result "1-0"]
[WhiteElo "2303"]
[BlackElo "2054"]
[PlyCount "65"]
[EventDate "2008.02.02"]
[EventType "swiss"]
[EventRounds "9"]
[EventCountry "RUS"]
[SourceTitle "CBM 122 Extra"]
[Source "ChessBase"]
[SourceDate "2008.03.04"]
[SourceVersion "1"]
[SourceVersionDate "2008.03.04"]
[SourceQuality "1"]

1. e4 e6 2. d4 d5 3. Nc3 Nf6 4. e5 Ne4 5. Nce2 f5 6. h4 Be7 7. g3 c5 8. f3 Nxg3 9. Nxg3 Bxh4 10. N1e2 Nc6 11. c3 Bd7 12. Be3 g5 13. Bf2 h5 14. f4 g4 15. dxc5 Qe7 16. Qd3 0-0-0 17. b4 Rdf8 18. b5 Nxe5 19. fxe5 f4 20. c6 bxc6 21. bxc6 Bxc6 22. Rxh4 Qxh4 23. Qa6+ Bb7 24. Qxe6+ Kb8 25. Qd6+ Ka8 26. Qc5 d4 27. Qxd4 Kb8 28. Qxa7+ Kc8 29. Nf5 Qxf2+ 30. Kxf2 Rxf5 31. Qc5+ Kb8 32. Nd4 g3+ 33. Ke1 1-0

[Event "Soukhumi op"]
[Site "Soukhumi"]
[Date "2007.08.10"]
[Round "7"]
[White "Eraschenkov, Denis"]
[Black "Musaev, Mansur"]
[Result "1/2-1/2"]
[WhiteElo "2400"]
[BlackElo "2225"]
[PlyCount "39"]
[EventDate "2007.08.03"]
[EventType "swiss"]
[EventRounds "9"]
[EventCountry "RUS"]
[SourceTitle "EXT 2009"]
[Source "ChessBase"]
[SourceDate "2008.11.26"]
[SourceVersion "1"]
[SourceVersionDate "2008.11.26"]
[SourceQuality "1"]

1. e4 c5 2. Ne2 d6 3. g3 Nc6 4. Bg2 g6 5. 0-0 Bg7 6. f4 f5 7. Nbc3 Nf6 8. exf5 Bxf5 9. h3 0-0 10. g4 Be6 11. d3 d5 12. Ng3 Bf7 13. f5 Ne8 14. g5 Nd4 15. fxg6 hxg6 16. Nce2 Nd6 17. c3 N4f5 18. Nxf5 Nxf5 19. Qa4 e5 20. Bd2 1/2-1/2

[Event "Pardubice op-B2"]
[Site "Pardubice"]
[Date "2006.07.27"]
[Round "7"]
[White "Karhanek, Pavel"]
[Black "Musaev, Mansur"]
[Result "1/2-1/2"]
[WhiteElo "2144"]
[BlackElo "2178"]
[PlyCount "46"]
[EventDate "2006.07.21"]
[EventType "swiss"]
[EventRounds "9"]
[EventCountry "CZE"]
[SourceTitle "CBM 113 Extra"]
[Source "ChessBase"]
[SourceDate "2006.09.14"]
[SourceVersion "1"]
[SourceVersionDate "2006.09.14"]
[SourceQuality "1"]

1. d4 d5 2. c3 Nf6 3. Nf3 Bf5 4. Qb3 Qc8 5. c4 dxc4 6. Qxc4 e6 7. Nc3 Nbd7 8. g3 c6 9. Bg2 b5 10. Qb3 b4 11. Na4 Be4 12. 0-0 Qa6 13. Re1 Be7 14. Bd2 Rb8 15. Ne5 Nxe5 16. dxe5 Bxg2 17. exf6 Bd5 18. fxg7 Rg8 19. Qc2 Rxg7 20. Nc5 Qc4 21. Qxc4 Bxc4 22. Be3 a5 23. b3 Bb5 1/2-1/2

[Event "RUS-ch U18"]
[Site "Nojabrsk"]
[Date "2005.04.14"]
[Round "9"]
[White "Papin, Vasily"]
[Black "Musaev, Mansur"]
[Result "1/2-1/2"]
[WhiteElo "2440"]
[BlackElo "2192"]
[PlyCount "60"]
[EventDate "2005.04.06"]
[EventType "swiss"]
[EventRounds "9"]
[EventCountry "RUS"]
[SourceTitle "EXT 2006"]
[Source "ChessBase"]
[SourceDate "2005.11.24"]
[SourceVersion "1"]
[SourceVersionDate "2005.11.24"]
[SourceQuality "1"]

1. e4 c5 2. Nf3 d6 3. Bb5+ Bd7 4. Bxd7+ Qxd7 5. 0-0 Nc6 6. c3 Nf6 7. d4 Nxe4 8. d5 Ne5 9. Re1 Nf6 10. Nxe5 dxe5 11. Rxe5 e6 12. c4 0-0-0 13. Nc3 Bd6 14. Re1 exd5 15. Nxd5 Nxd5 16. cxd5 Bc7 17. Be3 Qxd5 18. Qa4 Kb8 19. b4 Qd7 20. Qxd7 Rxd7 21. bxc5 f5 22. Rab1 Rd5 23. g3 h6 24. Rb3 Rhd8 25. Re2 g5 26. f3 Rd3 27. Rb4 f4 28. gxf4 gxf4 29. Bxf4 Rxf3 30. Bxc7+ Kxc7 1/2-1/2

[Event "RUS-ch U18"]
[Site "Nojabrsk"]
[Date "2005.04.09"]
[Round "4"]
[White "Musaev, Mansur"]
[Black "Askarov, Marat"]
[Result "0-1"]
[WhiteElo "2192"]
[BlackElo "2455"]
[PlyCount "62"]
[EventDate "2005.04.06"]
[EventType "swiss"]
[EventRounds "9"]
[EventCountry "RUS"]
[SourceTitle "EXT 2006"]
[Source "ChessBase"]
[SourceDate "2005.11.24"]
[SourceVersion "1"]
[SourceVersionDate "2005.11.24"]
[SourceQuality "1"]

1. e4 c5 2. Nf3 d6 3. d4 cxd4 4. Nxd4 Nf6 5. Nc3 a6 6. f3 Nc6 7. Be3 e6 8. Qd2 Be7 9. g4 Nxd4 10. Bxd4 0-0 11. 0-0-0 b5 12. g5 Nd7 13. h4 Bb7 14. Kb1 Rc8 15. Rg1 b4 16. Ne2 Ne5 17. Rg3 Qc7 18. Nc1 Ng6 19. Bd3 d5 20. Rg4 dxe4 21. Bxe4 Bxe4 22. Rxe4 Rfd8 23. Nd3 Nxh4 24. Rxh4 Bxg5 25. Qg2 f5 26. Rh5 h6 27. c3 e5 28. Nxe5 bxc3 29. bxc3 Rb8+ 30. Kc2 Rxd4 31. Rxd4 Qxe5 0-1

[Event "Serpukhov-C"]
[Site "Serpukhov"]
[Date "2004.09.02"]
[Round "12"]
[White "Olenin, Nikolay"]
[Black "Musaev, Mansur"]
[Result "1-0"]
[WhiteElo "2428"]
[BlackElo "2225"]
[PlyCount "59"]
[EventDate "2004.08.26"]
[EventType "tourn"]
[EventRounds "13"]
[EventCountry "RUS"]
[EventCategory "1"]
[SourceTitle "EXT 2006"]
[Source "ChessBase"]
[SourceDate "2005.11.24"]
[SourceVersion "1"]
[SourceVersionDate "2005.11.24"]
[SourceQuality "1"]

1. e4 c5 2. Nf3 d6 3. d4 cxd4 4. Nxd4 Nf6 5. Nc3 a6 6. Be2 e5 7. Nb3 Be7 8. 0-0 0-0 9. Kh1 Be6 10. f4 Qc7 11. f5 Bc4 12. g4 d5 13. g5 Nxe4 14. Nxe4 dxe4 15. f6 Bxe2 16. Qxe2 Bd6 17. fxg7 Re8 18. Be3 Nd7 19. Rad1 Kxg7 20. Qh5 Nf8 21. Qh6+ Kg8 22. Qxd6 Qxc2 23. Rf2 Qc4 24. Qd5 Qc7 25. Rc1 Qe7 26. Nc5 Rad8 27. Qxb7 Qxb7 28. Nxb7 Rd3 29. Re2 Ng6 30. Nc5 1-0

[Event "Serpukhov-C"]
[Site "Serpukhov"]
[Date "2004.09.01"]
[Round "10"]
[White "Alikhanov, Felix"]
[Black "Musaev, Mansur"]
[Result "1-0"]
[WhiteElo "2342"]
[BlackElo "2225"]
[PlyCount "49"]
[EventDate "2004.08.26"]
[EventType "tourn"]
[EventRounds "13"]
[EventCountry "RUS"]
[EventCategory "1"]
[SourceTitle "EXT 2006"]
[Source "ChessBase"]
[SourceDate "2005.11.24"]
[SourceVersion "1"]
[SourceVersionDate "2005.11.24"]
[SourceQuality "1"]

1. e4 c5 2. c3 Nf6 3. e5 Nd5 4. Nf3 Nc6 5. d4 cxd4 6. cxd4 e6 7. Bd3 d6 8. 0-0 Be7 9. a3 a6 10. Qe2 b5 11. Rd1 Bb7 12. Qe4 h5 13. Bf1 Qc7 14. Bf4 Nxf4 15. Qxf4 dxe5 16. dxe5 g5 17. Nxg5 Nxe5 18. Kh1 Bxg5 19. Qxg5 Ng4 20. Qh4 Qc2 21. Nd2 Qxb2 22. f3 Ne3 23. Ne4 Nxd1 24. Nf6+ Kf8 25. Nd7+ 1-0

[Event "Serpukhov-C"]
[Site "Serpukhov"]
[Date "2004.08.28"]
[Round "3"]
[White "Tairova, Elena"]
[Black "Musaev, Mansur"]
[Result "0-1"]
[WhiteElo "2241"]
[BlackElo "2225"]
[PlyCount "146"]
[EventDate "2004.08.26"]
[EventType "tourn"]
[EventRounds "13"]
[EventCountry "RUS"]
[EventCategory "1"]
[SourceTitle "EXT 2006"]
[Source "ChessBase"]
[SourceDate "2005.11.24"]
[SourceVersion "1"]
[SourceVersionDate "2005.11.24"]
[SourceQuality "1"]

1. e4 c5 2. Nf3 d6 3. Bb5+ Bd7 4. Bxd7+ Nxd7 5. 0-0 Ngf6 6. Re1 e6 7. c4 Be7 8. Nc3 0-0 9. h3 a6 10. d3 Rc8 11. Bf4 Qc7 12. Nd2 Ne5 13. Nf1 Nc6 14. Ne3 Qa5 15. Bg3 Nd4 16. f4 Nd7 17. Qd2 Rcd8 18. Rad1 Rfe8 19. Nc2 Nxc2 20. Qxc2 Nb8 21. a3 Nc6 22. Nb1 b5 23. Bf2 Bf6 24. Nd2 Nd4 25. Qc1 Qc7 26. Kh1 g6 27. Nf1 Rb8 28. Ne3 Bg7 29. cxb5 Rxb5 30. Nc4 Nc6 31. Bg3 Reb8 32. e5 dxe5 33. fxe5 Nd4 34. Qd2 Nf5 35. Bf4 Qc6 36. Qf2 Qd5 37. Rd2 Rb3 38. Red1 Rd8 39. Kh2 h6 40. g4 Nd4 41. Rf1 Rd7 42. Ne3 Qa8 43. Nc4 a5 44. Qe3 a4 45. Nd6 Qf8 46. Kg1 g5 47. Bg3 Nc6 48. Ne4 Nxe5 49. Nxc5 Nf3+ 50. Qxf3 Qxc5+ 51. Kg2 Qd5 52. Qxd5 Rxd5 53. Rc1 Rxb2 54. Rc8+ Kh7 55. Rxb2 Bxb2 56. Ra8 Rxd3 57. Rxa4 Rxa3 58. Rxa3 Bxa3 59. Be5 Kg6 60. Kf3 h5 61. Ke4 hxg4 62. hxg4 Be7 63. Bg3 Bf6 64. Bh2 Bb2 65. Bd6 f5+ 66. Kf3 fxg4+ 67. Kxg4 e5 68. Bb4 Bc1 69. Bc3 e4 70. Bd4 e3 71. Kf3 Kf5 72. Bxe3 Bxe3 73. Kxe3 Kg4 0-1

[Event "Maikop op"]
[Site "Maikop"]
[Date "2004.04.??"]
[Round "8"]
[White "Bylino, Oleg"]
[Black "Musaev, Mansur"]
[Result "0-1"]
[WhiteElo "2258"]
[BlackElo "2225"]
[PlyCount "56"]
[EventDate "2004.04.??"]
[EventType "swiss"]
[EventRounds "9"]
[EventCountry "RUS"]
[SourceTitle "EXT 2006"]
[Source "ChessBase"]
[SourceDate "2005.11.24"]
[SourceVersion "1"]
[SourceVersionDate "2005.11.24"]
[SourceQuality "1"]

1. e4 c5 2. Nf3 d6 3. d4 cxd4 4. Nxd4 Nf6 5. Nc3 a6 6. f4 e6 7. Bd3 Be7 8. 0-0 b5 9. Kh1 b4 10. Nce2 Bb7 11. e5 dxe5 12. fxe5 Qd5 13. Nf3 Ng4 14. Nf4 Qc5 15. Qe2 h5 16. Nxe6 fxe6 17. Bg6+ Kd7 18. Bf4 Nc6 19. c3 Raf8 20. Rad1+ Kc8 21. cxb4 Qxb4 22. Bd2 Qb6 23. Rc1 Kb8 24. b4 Nd4 25. Nxd4 Qxd4 26. Bf7 Bh4 27. Be1 Ne3 28. Bc3 Qb6 0-1

[Event "Maikop op"]
[Site "Maikop"]
[Date "2004.04.??"]
[Round "4"]
[White "Doroshkievich, Vladimir K"]
[Black "Musaev, Mansur"]
[Result "0-1"]
[WhiteElo "2426"]
[BlackElo "2225"]
[PlyCount "85"]
[EventDate "2004.04.??"]
[EventType "swiss"]
[EventRounds "9"]
[EventCountry "RUS"]
[SourceTitle "EXT 2006"]
[Source "ChessBase"]
[SourceDate "2005.11.24"]
[SourceVersion "1"]
[SourceVersionDate "2005.11.24"]
[SourceQuality "1"]

1. d4 Nf6 2. c4 g6 3. Nf3 Bg7 4. g3 0-0 5. Bg2 d6 6. 0-0 Nbd7 7. Qc2 e5 8. Rd1 exd4 9. Nxd4 Re8 10. Nc3 a5 11. b3 Nc5 12. e4 c6 13. Rb1 Qb6 14. Bb2 Bd7 15. h3 Re7 16. Kh2 Rae8 17. f3 Bc8 18. Rd2 Bh6 19. Re2 Nh5 20. Rf1 Bg7 21. Qd2 Qc7 22. f4 Nf6 23. Rfe1 Nfd7 24. Nd1 Nf6 25. Nf2 Qb6 26. Bc3 a4 27. b4 Ne6 28. Nf3 Rd8 29. f5 Nf8 30. Qb2 a3 31. Qa1 N8d7 32. g4 Ree8 33. g5 Nh5 34. Bxg7 Nxg7 35. Qc3 Ne5 36. Nxe5 dxe5 37. Ng4 Nh5 38. Nxe5 Qc7 39. Bf3 Qxe5+ 40. Qxe5 Rxe5 41. Bxh5 gxh5 42. Kg3 Rd4 43. Kf4 0-1